[Event "St Petersburg Summer op"]
[Site "St Petersburg"]
[Date "2016.08.21"]
[Round "5"]
[White "Dubrovskiy, Vladimir"]
[Black "Gatalov, Dmitriy"]
[Result "1/2-1/2"]
[WhiteElo "1647"]
[BlackElo "1919"]
[PlyCount "108"]
[EventDate "2016.08.17"]
[EventType "swiss"]
[EventRounds "9"]
[EventCountry "RUS"]
[SourceTitle "CBM 174 Extra"]
[Source "ChessBase"]
[SourceDate "2016.10.10"]
[SourceVersion "1"]
[SourceVersionDate "2016.10.10"]
[SourceQuality "1"]

1. Nf3 Nf6 2. c4 c5 3. b3 g6 4. Bb2 Bg7 5. g3 0-0 6. Bg2 Nc6 7. 0-0 d6 8. d4 Ne4 9. Nbd2 Nxd2 10. Qxd2 cxd4 11. Nxd4 Qb6 12. Nb5 Bxb2 13. Qxb2 a6 14. Nc3 Be6 15. Rfd1 Ne5 16. Qd2 Ng4 17. Qd4 Qxd4 18. Rxd4 Rab8 19. Rc1 Rfc8 20. Bd5 Nf6 21. Bxe6 fxe6 22. Ne4 d5 23. Nxf6+ exf6 24. Rdd1 dxc4 25. Rd6 cxb3 26. Rxc8+ Rxc8 27. axb3 Re8 28. Rd7 Rb8 29. Rd6 b6 30. Rxe6 Kf7 31. Rc6 Rb7 32. e4 Ke7 33. f4 a5 34. Kf2 Kf7 35. Ke3 h5 36. h4 b5 37. Ra6 Rc7 38. Kd4 Rd7+ 39. Kc5 Rd3 40. Rxa5 Rxb3 41. Rxb5 Rxg3 42. Rb7+ Kg8 43. e5 fxe5 44. fxe5 Re3 45. Kd6 g5 46. hxg5 h4 47. Ke6 h3 48. g6 Rg3 49. Kf6 Rf3+ 50. Kg5 h2 51. Rh7 Rf2 52. Kg4 Rg2+ 53. Kf3 Rxg6 54. Rxh2 Kf7 1/2-1/2

[Event "St Petersburg Summer op"]
[Site "St Petersburg"]
[Date "2016.08.20"]
[Round "4"]
[White "Nordquelle, Daniel"]
[Black "Dubrovskiy, Vladimir"]
[Result "1-0"]
[WhiteElo "2176"]
[BlackElo "1647"]
[PlyCount "71"]
[EventDate "2016.08.17"]
[EventType "swiss"]
[EventRounds "9"]
[EventCountry "RUS"]
[SourceTitle "CBM 174 Extra"]
[Source "ChessBase"]
[SourceDate "2016.10.10"]
[SourceVersion "1"]
[SourceVersionDate "2016.10.10"]
[SourceQuality "1"]

1. e4 c6 2. d4 d5 3. e5 Bf5 4. h4 h5 5. c4 e6 6. Nc3 Nd7 7. Nge2 dxc4 8. Ng3 Nb6 9. Be2 Bg6 10. Bg5 Be7 11. Nge4 f6 12. Be3 Bb4 13. 0-0 fxe5 14. dxe5 Nd5 15. Bg5 Nxc3 16. Nxc3 Qxd1 17. Raxd1 b5 18. Bf3 Rc8 19. Be4 Bf5 20. Bxf5 exf5 21. Ne2 Ne7 22. Nd4 g6 23. a3 Bc5 24. Ne6 Bb6 25. Nf4 Nd5 26. Nxd5 cxd5 27. Rxd5 Rc5 28. Rfd1 0-0 29. Bf6 Re8 30. Rd7 Rc7 31. Kf1 Rec8 32. e6 Re8 33. Rd8 Rc8 34. Rxc8 Rxc8 35. Rd7 Kf8 36. Rh7 1-0

[Event "St Petersburg Summer op"]
[Site "St Petersburg"]
[Date "2016.08.18"]
[Round "2"]
[White "Dubrovskiy, Vladimir"]
[Black "Levdansky, Alexey"]
[Result "1-0"]
[WhiteElo "1647"]
[BlackElo "1973"]
[PlyCount "67"]
[EventDate "2016.08.17"]
[EventType "swiss"]
[EventRounds "9"]
[EventCountry "RUS"]
[SourceTitle "CBM 174 Extra"]
[Source "ChessBase"]
[SourceDate "2016.10.10"]
[SourceVersion "1"]
[SourceVersionDate "2016.10.10"]
[SourceQuality "1"]

1. Nf3 Nf6 2. c4 g6 3. b4 Bg7 4. Bb2 0-0 5. g3 c6 6. Bg2 d6 7. 0-0 e5 8. d3 Bg4 9. Nbd2 Re8 10. h3 Bxf3 11. Bxf3 d5 12. b5 Qd7 13. bxc6 bxc6 14. Bg2 Na6 15. Qa4 Nc7 16. Rac1 Rac8 17. cxd5 Ncxd5 18. Nc4 Nh5 19. Na5 Re6 20. h4 f5 21. Nb3 Bf8 22. Ba3 Bxa3 23. Qxa3 Rf6 24. Nc5 Qe8 25. Qxa7 Ra8 26. Qd7 Qxd7 27. Nxd7 Re6 28. Rxc6 Rxc6 29. Bxd5+ Kg7 30. Bxc6 Rxa2 31. Bf3 e4 32. dxe4 fxe4 33. Bxe4 Rxe2 34. Bf3 1-0